Fiorentina players (2010-2020) - Statistics

General Stats
  • This quiz has been taken 8 times
  • The average score is 63 of 163
Answer Stats
Rank Player Positions Nationality Matches Goals (assists) Period % Correct
15 Juan Cuadrado RM 85 20 (18) 2012-2015
100%
64 Mario Gómez ST 29 7 (3) 2013-2015
100%
83 Adrian Mutu LW 20 4 (2) 2010-2011
88%
19 Ciprian Tătărușanu GK 81 0 (0) 2014-2017
88%
11 Davide Astori CB 91 3 (1) 2015-2018
88%
43 Dušan Vlahović ST 40 6 (1) 2018-2020
88%
4 Federico Chiesa RW 134 25 (23) 2016-2020
88%
52 Giuseppe Rossi ST 34 16 (6) 2012-2014, 2015-2017
88%
9 Matías Fernández AM 96 7 (22) 2012-2016
88%
24 Adem Ljajic AM 69 15 (13) 2010-2013
75%
51 Alban Lafont GK 34 0 (0) 2018-2019
75%
45 Bartlomiej Dragowski GK 38 0 (0) 2016-2020
75%
1 Borja Valero CM 166 14 (41) 2012-2017
75%
23 Cristiano Biraghi LB 70 2 (9) 2017-2019
75%
46 Erick Pulgar DM 37 7 (6) 2019-2020
75%
27 Facundo Roncaglia CB 67 4 (0) 2012-2014, 2015-2016
75%
21 Federico Bernardeschi RW 72 14 (10) 2014-2017
75%
80 Franck Ribéry LW 21 3 (3) 2019-2020
75%
7 Josip Ilicic AM 105 29 (13) 2013-2017
75%
68 Kevin Mirallas RW 27 2 (1) 2018-2019
75%
10 Khouma Babacar ST 95 26 (6) 2010-2012, 2014-2018
75%
69 Luca Toni ST 27 8 (4) 2012-2013
75%
33 Marcos Alonso LB 58 4 (7) 2013-2017
75%
70 Martín Cáceres CB 27 1 (0) 2019-2020
75%
98 Mohamed Salah RW 16 6 (3) 2014-2015
75%
22 Neto GK 72 0 (0) 2011-2015
75%
26 Nikola Kalinić ST 68 27 (7) 2015-2017
75%
13 Nikola Milenković CB 87 8 (0) 2017-2020
75%
112 Sébastien Frey GK 11 0 (0) 2010-2011
75%
14 Stefan Savic CB 86 4 (2) 2012-2015
75%
34 Stevan Jovetić CF 58 27 (8) 2011-2013
75%
18 Alberto Aquilani CM 81 13 (10) 2012-2015
63%
31 Alberto Gilardino ST 61 18 (7) 2010-2012, 2014-2015
63%
30 Artur Boruc GK 62 0 (0) 2010-2012
63%
54 Bryan Dabo CM 33 2 (1) 2017-2019
63%
42 Carlos Sánchez DM 40 2 (1) 2016-2018
63%
35 Cesare Natali CB 55 2 (1) 2010-2012
63%
36 Cristian Tello LW 51 6 (10) 2015-2017
63%
17 David Pizarro CM 83 4 (10) 2012-2015
63%
120 Felipe CB 8 0 (0) 2010-2012
63%
67 Gil Dias RW 27 2 (2) 2017-2018
63%
20 Giovanni Simeone ST 74 20 (7) 2017-2019
63%
3 Gonzalo Rodríguez CB 159 22 (4) 2012-2017
63%
37 Joaquín RW 49 4 (10) 2013-2015
63%
25 Jordan Veretout CM 69 13 (3) 2017-2019
63%
2 Manuel Pasqual LB 164 5 (23) 2010-2016
63%
72 Matija Nastasić CB 26 2 (0) 2011-2013
63%
114 Micah Richards RB 10 0 (0) 2014-2015
63%
6 Nenad Tomovic CB 127 1 (5) 2012-2018
63%
40 Valon Behrami CM 48 0 (5) 2010-2012
63%
38 Vitor Hugo CB 49 1 (2) 2017-2019
63%
29 Alessandro Gamberini CB 64 2 (1) 2010-2012
50%
62 Edimilson Fernandes DM 29 2 (0) 2018-2019
50%
56 Emiliano Viviano GK 32 0 (0) 2012-2013
50%
8 Germán Pezzella CB 99 6 (3) 2017-2020
50%
49 Gerson CM 36 3 (3) 2018-2019
50%
81 Jasmin Kurtic CM 21 1 (2) 2014-2015
50%
75 José María Basanta CB 24 2 (0) 2014-2015
50%
12 Juan Manuel Vargas LB 91 9 (14) 2010-2012, 2013-2015
50%
88 Luis Muriel ST 19 6 (0) 2018-2019
50%
44 Marco Sportiello GK 39 0 (0) 2016-2018
50%
28 Matías Vecino CM 67 5 (6) 2013-2014, 2015-2017
50%
73 Maximiliano Olivera LB 26 0 (1) 2016-2018, 2019-2020
50%
5 Milan Badelj DM 130 7 (6) 2014-2018, 2019-2020
50%
118 Pietro Terracciano GK 9 0 (0) 2018-2020
50%
32 Riccardo Montolivo DM 59 6 (6) 2010-2012
50%
65 Riccardo Saponara AM 29 2 (6) 2016-2018
50%
105 Rubén Olivera CM 14 0 (0) 2011-2014
50%
145 Aleksa Terzic LB 2 0 (0) 2019-2020
38%
106 Alfred Duncan CM 13 1 (1) 2019-2020
38%
139 Antonio Rosati GK 3 0 (0) 2013-2014
38%
123 Christian Kouamé ST 7 1 (1) 2019-2020
38%
77 Cyril Théréau ST 22 5 (4) 2017-2019
38%
55 Gaetano Castrovilli CM 33 3 (2) 2019-2020
38%
85 Gianluca Comotto RB 20 0 (0) 2010-2011
38%
121 Haris Seferovic ST 8 0 (0) 2010-2011, 2012-2013
38%
39 Lorenzo De Silvestri RB 48 1 (2) 2010-2012
38%
141 Luca Lezzerini GK 3 0 (0) 2015-2017
38%
16 Marco Benassi CM 85 13 (3) 2017-2020
38%
63 Marco Donadel DM 29 1 (0) 2010-2011
38%
90 Patrick Cutrone ST 19 4 (2) 2019-2020
38%
91 Per Kröldrup CB 19 0 (0) 2010-2011
38%
92 Rachid Ghezzal RW 19 1 (0) 2019-2020
38%
47 Vincent Laurini RB 37 0 (1) 2017-2019
38%
138 Ahmed Hegazy CB 3 0 (0) 2012-2014
25%
110 Alessandro Diamanti AM 11 2 (0) 2014-2015
25%
99 Alessandro Matri ST 15 4 (1) 2013-2014
25%
41 Alessio Cerci RW 47 12 (5) 2010-2012
25%
122 Anderson CM 7 0 (0) 2013-2014
25%
101 Bruno Gaspar RB 15 0 (2) 2017-2018
25%
93 Carlos Salcedo CB 18 0 (1) 2016-2017
25%
126 Christian Nørgaard DM 6 0 (0) 2018-2019
25%
152 Cristiano Lupatelli GK 1 0 (0) 2012-2013
25%
127 Cristiano Zanetti DM 6 0 (0) 2010-2011
25%
59 Dalbert LB 31 0 (8) 2019-2020
25%
87 Houssine Kharja CM 19 0 (1) 2011-2012
25%
94 Hrvoje Milic LB 17 0 (4) 2016-2017
25%
115 Igor CB 9 0 (0) 2019-2020
25%
102 Jakub Blaszczykowski RW 15 2 (1) 2015-2016
25%
104 Kevin-Prince Boateng AM 14 1 (0) 2019-2020
25%
142 Luca Ranieri CB 3 0 (0) 2019-2020
25%
124 Marcelo Larrondo ST 7 2 (0) 2012-2013
25%
57 Marco Marchionni RM 32 1 (2) 2010-2012
25%
66 Mario Santana RW 28 4 (4) 2010-2011
25%
82 Massimo Ambrosini CM 21 0 (2) 2013-2014
25%
53 Mattia Cassani RB 34 1 (1) 2011-2013
25%
134 Maxwell Acosty RW 5 0 (0) 2011-2012
25%
79 Mounir El Hamdaoui ST 22 4 (1) 2012-2013, 2014-2015
25%
137 Pedro ST 4 0 (0) 2019-2020
25%
50 Pol Lirola RB 35 0 (2) 2019-2020
25%
103 Rafal Wolski AM 15 1 (1) 2012-2014
25%
76 Ryder Matos CF 23 0 (0) 2013-2014
25%
71 Sebastián Cristóforo CM 27 0 (1) 2016-2018, 2019-2020
25%
129 Sebastien De Maio CB 6 0 (0) 2016-2017
25%
150 Szymon Żurkowski CM 2 0 (0) 2019-2020
25%
58 Valentin Eysseric AM 32 1 (2) 2017-2020
25%
136 Aleandro Rosi RB 4 0 (0) 2014-2015
13%
100 Amidu Salifu CM 15 0 (0) 2010-2012
13%
48 Andrea Lazzari CM 36 2 (1) 2011-2012, 2014-2015
13%
119 Ante Rebić LW 8 2 (0) 2013-2014, 2015-2016
13%
131 Dávid Hancko CB 5 0 (1) 2018-2019
13%
108 Diego Falcinelli ST 12 0 (1) 2017-2018
13%
60 Federico Ceccherini CB 30 0 (0) 2018-2020
13%
74 Giulio Migliaccio CM 24 1 (0) 2012-2013
13%
133 Joan Verdú AM 5 1 (0) 2015-2016
13%
147 Joshua Brillante DM 2 0 (0) 2014-2015
13%
95 Lorenzo Venuti RB 16 0 (2) 2019-2020
13%
113 Mario Bolatti DM 10 0 (0) 2010-2011
13%
116 Mario Suárez DM 9 1 (0) 2015-2016
13%
143 Marko Bakic CM 3 0 (0) 2013-2014
13%
89 Marko Pjaca LW 19 1 (1) 2018-2019
13%
96 Marvin Compper CB 16 0 (0) 2012-2014
13%
78 Mauro Zárate ST 22 5 (3) 2015-2017
13%
97 Michele Camporese CB 16 1 (0) 2010-2012
13%
117 Modibo Diakité CB 9 0 (0) 2013-2014
13%
135 Mohamed Sissoko DM 5 0 (0) 2012-2013
13%
159 Panagiotis Kone CM 1 0 (0) 2015-2016
13%
160 Rafik Zekhnini LW 1 0 (0) 2017-2018
13%
61 Rômulo CM 30 2 (2) 2011-2013
13%
109 Santiago Silva ST 12 1 (0) 2011-2012
13%
125 Tino Costa CM 7 0 (0) 2015-2016
13%
163 Vlada Avramov GK 1 0 (0) 2010-2011
13%
107 Amauri ST 13 1 (0) 2011-2012
0%
151 Christian Dalle Mura CB 1 0 (0) 2019-2020
0%
130 Cristian Llama AM 5 0 (0) 2012-2013
0%
153 Cristiano Piccini CB 1 0 (0) 2010-2011
0%
154 Federico Brancolini GK 1 0 (0) 2019-2020
0%
84 Gaetano D'Agostino CM 20 5 (1) 2010-2011
0%
111 Gianni Munari CM 11 0 (1) 2011-2012
0%
132 Gilberto RB 5 0 (0) 2015-2016
0%
146 Ianis Hagi AM 2 0 (0) 2016-2017
0%
155 Jan Mlakar LW 1 0 (0) 2016-2017
0%
156 Joshua Pérez AM 1 0 (0) 2016-2017
0%
140 Kevin Agudelo AM 3 0 (0) 2019-2020
0%
148 Kevin Diks RB 2 0 (0) 2016-2017
0%
157 N'Diaye Papa Waigo RW 1 0 (0) 2010-2011
0%
158 Nicky Beloko CM 1 0 (0) 2018-2019
0%
128 Nikola Gulan DM 6 0 (0) 2010-2011
0%
144 Oleksandr Yakovenko LW 3 0 (0) 2013-2014
0%
161 Ricardo Bagadur CB 1 0 (0) 2014-2015
0%
86 Riccardo Sottil LW 20 0 (0) 2018-2020
0%
149 Simone Lo Faso CF 2 0 (0) 2017-2018
0%
162 Tòfol Montiel RW 1 0 (0) 2018-2019
0%
No matching quizzes found
Score Distribution
Percent of People with Each Score
Percentile by Number Answered
Your Score History
You have not taken this quiz